[Event "Stay Safe Play From Home 280"]
[Site "Emanuel Lasker Arena"]
[Date "2020.07.06"]
[Round "6"]
[White "AChessPlayer"]
[Black "little champs"]
[Result "0-1"]
[WhiteElo "2445"]
[BlackElo "2271"]
[Annotator "TA"]
[PlyCount "70"]
[EventDate "2020.07.06"]
[EventType "swiss (blitz)"]

{[%evp 17,70,33,40,5,70,30,22,20,128,38,68,31,51,51,136,149,151,5,128,68,66,50,47,52,74,7,11,-1,6,-147,0,-60,-25,-444,-5,-420,-199,-383,75,75,78,0,0,-129,-121,-104,-104,-212,-106,-29989,-29990,-29990,-29991,-29992,-29993]} 1. Nf3 c6 2. g3 d5 3. Bg2 Nf6 4. O-O g6 5. d3 Bg7 6. Re1 O-O 7. Nbd2 Nbd7 8. e4 dxe4 9. dxe4 e5 10. b3 {[#] A07: Réti Opening: New York and Capablanca Systems.} Qe7 $146 (10... b5 $11) ({Predecessor:} 10... b5 11. Bb2 Re8 12. c4 Bb7 13. b4 a5 14. a3 Qe7 15. Bc3 axb4 16. axb4 c5 17. Rb1 bxc4 {1-0 (39) Vlatkovic,S (2285)-Dimic,P (2176) Belgrade 2014}) 11. Bb2 Rd8 12. Qe2 {The position is equal.} Nf8 (12... b6 $11) 13. a4 (13. Bxe5 $16 Bg4 14. Bb2) 13... N6d7 14. a5 Ne6 15. Nc4 Nd4 ({Better is} 15... f6 $14) 16. Nxd4 $16 exd4 17. Qd2 (17. e5 $16) 17... c5 {[#]} (17... Ne5 $11 {keeps the balance.}) 18. f4 (18. e5 $1 $16 {[%mdl 512]}) 18... Nf6 19. e5 Nd5 20. Nd6 Ne3 21. Rxe3 (21. Ba3 $16) 21... dxe3 $11 22. Qd5 Be6 23. Qxb7 $2 (23. Qf3 $11) 23... Qf8 (23... Qxb7 $17 24. Nxb7 Rd2) 24. Qa6 ({White should play} 24. Qf3 $11) 24... Rab8 {Strongly threatening ...Rxd6!} (24... Rxd6 $5 25. Qxd6 Qxd6 26. exd6 Bxb2 $15) 25. Re1 $2 {[%mdl 8192] [#]} (25. Rb1 $11 {and White stays safe.}) 25... c4 $2 (25... Rxd6 $1 $19 {[%mdl 512]} 26. Qxd6 Qxd6 27. exd6 Bxb2) 26. Rxe3 $2 {[%mdl 8192] [#]} (26. Bc1 $11) 26... cxb3 (26... Rxd6 $142 $1 {[%mdl 512]} 27. Qxd6 Qxd6 28. exd6 Bxb2) 27. cxb3 $2 {[#]} (27. c3 {is the only way for White.}) 27... Rxb3 $2 (27... Rxd6 $1 $19 {[%mdl 512]} 28. Qxd6 Qxd6 29. exd6 Bxb2) 28. Rxb3 $16 Bxb3 29. Ba3 ({But not} 29. Qb7 Be6 $11) (29. Qxa7 $16 {Hoping for Qb6.} Rxd6 30. exd6 Bxb2 31. Qb6) 29... Qe7 $11 30. Qd3 (30. Bc5 $11 f6 31. Qxa7 Qxa7 32. Bxa7 fxe5 33. Bc5) 30... Be6 $17 31. h4 Qc7 32. Kh2 (32. Qd2 $17 {is a better defense.}) 32... Bf8 (32... Qxa5 $19 33. Qe3 Bf8) 33. Qc3 $2 {[%mdl 8192]} (33. Qd2 $17) 33... Qxc3 {Black mates.} 34. Ne4 Qxa3 35. Nf6+ Kh8 {Both players deserved the win here. Accuracy: White = 18%, Black = 29%.} 0-1

[Event "Stay Safe Play From Home 280"]
[Site "Emanuel Lasker Arena"]
[Date "2020.07.06"]
[Round "6"]
[White "SoulofWolf"]
[Black "Weltszmerc"]
[Result "1-0"]
[WhiteElo "2123"]
[BlackElo "2131"]
[PlyCount "83"]
[EventDate "2020.07.06"]
[EventType "swiss (blitz)"]

1. e3 {[%emt 0:00:00]} Nf6 {[%emt 0:00:01]} 2. Nc3 {[%emt 0:00:01]} d5 {[%emt 0:00:00]} 3. d4 {[%emt 0:00:00]} c6 {[%emt 0:00:00]} 4. Nge2 {[%emt 0:00:00]} Bg4 {[%emt 0:00:00]} 5. h4 {[%emt 0:00:00]} h5 {[%emt 0:00:01]} 6. f3 {[%emt 0:00:00]} Bf5 {[%emt 0:00:01]} 7. Ng3 {[%emt 0:00:00]} Bg6 {[%emt 0:00:01]} 8. Bd3 {[%emt 0:00:00]} Bxd3 {[%emt 0:00:02]} 9. Qxd3 {[%emt 0:00:00]} Nbd7 {[%emt 0:00:00]} 10. Bd2 {[%emt 0:00:01]} e5 {[%emt 0:00:01]} 11. dxe5 {[%emt 0:00:01]} Nxe5 {[%emt 0:00:01]} 12. Qe2 {[%emt 0:00:00]} Bd6 {[%emt 0:00:01]} 13. O-O-O {[%emt 0:00:00]} Nc4 {[%emt 0:00:03]} 14. Nf5 {[%emt 0:00:01]} Bf8 {[%emt 0:00:03]} 15. Be1 {[%emt 0:00:02]} g6 {[%emt 0:00:02]} 16. Nd4 {[%emt 0:00:03]} Qe7 {[%emt 0:00:03]} 17. Bf2 {[%emt 0:00:01]} Bh6 {[%emt 0:00:02]} 18. f4 {[%emt 0:00:01]} O-O {[%emt 0:00:03]} 19. Kb1 {[%emt 0:00:05]} Ng4 {[%emt 0:00:01]} 20. Rhe1 {[%emt 0:00:01]} Nxf2 {[%emt 0:00:01]} 21. Qxf2 {[%emt 0:00:00]} Rae8 {[%emt 0:00:04]} 22. Rd3 {[%emt 0:00:02]} Nd6 {[%emt 0:00:03]} 23. Rd2 {[%emt 0:00:06]} Ne4 {[%emt 0:00:01]} 24. Nxe4 {[%emt 0:00:01]} Qxe4 {[%emt 0:00:00]} 25. Rde2 {[%emt 0:00:02]} c5 {[%emt 0:00:01]} 26. Nb3 {[%emt 0:00:02]} b6 {[%emt 0:00:01]} 27. Qf3 {[%emt 0:00:03]} a5 {[%emt 0:00:02]} 28. Qxe4 {[%emt 0:00:01]} Rxe4 {[%emt 0:00:01]} 29. c3 {[%emt 0:00:01]} Rfe8 {[%emt 0:00:02]} 30. g3 {[%emt 0:00:00]} a4 {[%emt 0:00:07]} 31. Nd2 {[%emt 0:00:01]} R4e7 {[%emt 0:00:01]} 32. Kc2 {[%emt 0:00:00]} f5 {[%emt 0:00:01]} 33. Kd3 {[%emt 0:00:01]} Kf7 {[%emt 0:00:01]} 34. b3 {[%emt 0:00:00]} axb3 {[%emt 0:00:01]} 35. axb3 {[%emt 0:00:00]} b5 {[%emt 0:00:00]} 36. Nf3 {[%emt 0:00:01]} Bg7 {[%emt 0:00:02]} 37. Ra1 {[%emt 0:00:02]} c4+ {[%emt 0:00:01]} 38. bxc4 {[%emt 0:00:01]} dxc4+ {[%emt 0:00:00]} 39. Kc2 {[%emt 0:00:01]} b4 {[%emt 0:00:01]} 40. Nd4 {[%emt 0:00:04]} b3+ {[%emt 0:00:01]} 41. Kb2 {[%emt 0:00:01]} Bxd4 {[%emt 0:00:01]} 42. cxd4 {[%emt 0:00:00] Czas partii} 1-0

[Event "Stay Safe Play From Home 280"]
[Site "Emanuel Lasker Arena"]
[Date "2020.07.06"]
[Round "6"]
[White "VotaryRoma"]
[Black "Mepe_Nika"]
[Result "1-0"]
[WhiteElo "2110"]
[BlackElo "2396"]
[Annotator "RC"]
[PlyCount "55"]
[EventDate "2020.07.06"]
[EventType "swiss (blitz)"]

1. Nf3 {[%emt 0:00:03]} d5 {[%emt 0:00:01]} 2. g3 {[%emt 0:00:00]} c6 {[%emt 0:00:00]} 3. Bg2 {[%emt 0:00:00]} g6 {[%emt 0:00:01]} 4. O-O {[%emt 0:00:00]} Bg7 {[%emt 0:00:00]} 5. d4 {[%emt 0:00:00]} Nf6 {[%emt 0:00:01]} 6. c4 {[%emt 0:00:00]} dxc4 {[%emt 0:00:02]} 7. Nc3 {[%emt 0:00:00]} O-O {[%emt 0:00:01]} 8. Ne5 {[%emt 0:00:01]} Nbd7 {[%emt 0:00:03]} 9. Nxc4 {[%emt 0:00:01]} Nb6 {[%emt 0:00:01]} 10. Ne5 {[%emt 0:00:01]} Be6 {[%emt 0:00:00]} 11. e4 {[%emt 0:00:02]} Qc8 {[%emt 0:00:01]} 12. Be3 {[%emt 0:00:01]} Rd8 {[%emt 0:00:00]} 13. f4 {[%emt 0:00:02]} Bh3 {[%emt 0:00:01]} 14. Qf3 {[%emt 0:00:01]} Bxg2 {[%emt 0:00:02]} 15. Kxg2 {[%emt 0:00:00]} Nfd7 {[%emt 0:00:02]} 16. Rad1 {[%emt 0:00:01]} e6 {[%emt 0:00:02]} 17. b3 {[%emt 0:00:01]} Qc7 {[%emt 0:00:01]} 18. h4 {[%emt 0:00:01]} h5 {[%emt 0:00:02]} 19. g4 {[%emt 0:00:01]} hxg4 {[%emt 0:00:03]} 20. Qxg4 {[%emt 0:00:00]} Nxe5 {[%emt 0:00:01]} 21. fxe5 {[%emt 0:00:00]} Rd7 {[%emt 0:00:01]} 22. h5 {[%emt 0:00:01]} gxh5 {[%emt 0:00:02]} 23. Qxh5 {[%emt 0:00:00]} Kf8 {[%emt 0:00:02]} 24. Bh6 {[%emt 0:00:02]} f5 {[%emt 0:00:12]} 25. exf5 {[%emt 0:00:02]} Rf7 {[%emt 0:00:03]} 26. fxe6 {[%emt 0:00:02]} Rxf1 {[%emt 0:00:03]} 27. Rxf1+ {[%emt 0:00:00]} Kg8 {[%emt 0:00:00]} 28. Rf7 {[%emt 0:00:01] Mepe_Nika resigns (Lag: Av=0.40s, max=0.7s)} 1-0

[Event "Stay Safe Play From Home 280"]
[Site "Emanuel Lasker Arena"]
[Date "2020.07.06"]
[Round "6"]
[White "Ironmike"]
[Black "Lamborghini"]
[Result "0-1"]
[WhiteElo "1975"]
[BlackElo "2241"]
[PlyCount "120"]
[EventDate "2020.07.06"]
[EventType "swiss (blitz)"]
[WhiteTeam "SV Horst-Emscher I"]

{Dönges, Dirk (1820)} 1. e4 {[%emt 0:00:00]} c5 {[%emt 0:00:01]} 2. Nf3 {[%emt 0:00:00]} d6 {[%emt 0:00:01]} 3. Nc3 {[%emt 0:00:00]} Nf6 {[%emt 0:00:01]} 4. d4 {[%emt 0:00:00]} cxd4 {[%emt 0:00:01]} 5. Nxd4 {[%emt 0:00:00]} g6 {[%emt 0:00:01]} 6. Bc4 {[%emt 0:00:01]} Bg7 {[%emt 0:00:01]} 7. O-O {[%emt 0:00:00]} O-O {[%emt 0:00:01]} 8. Kh1 {[%emt 0:00:00]} Qb6 {[%emt 0:00:01]} 9. Be3 {[%emt 0:00:03]} Qxb2 {[%emt 0:00:02]} 10. Nce2 {[%emt 0:00:00]} Nxe4 {[%emt 0:00:03]} 11. Rb1 {[%emt 0:00:03]} Qa3 {[%emt 0:00:01]} 12. f3 {[%emt 0:00:01]} Qxe3 {[%emt 0:00:04]} 13. fxe4 {[%emt 0:00:03]} Qxe4 {[%emt 0:00:01]} 14. Rf4 {[%emt 0:00:01]} Qe5 {[%emt 0:00:04]} 15. Rf3 {[%emt 0:00:01]} Nc6 {[%emt 0:00:01]} 16. Nxc6 {[%emt 0:00:01]} bxc6 {[%emt 0:00:01]} 17. Ng3 {[%emt 0:00:01]} d5 {[%emt 0:00:01]} 18. Bb3 {[%emt 0:00:01]} e6 {[%emt 0:00:01]} 19. Qf1 {[%emt 0:00:01]} Bd7 {[%emt 0:00:02]} 20. Re1 {[%emt 0:00:00]} Qd6 {[%emt 0:00:01]} 21. Rd1 {[%emt 0:00:02]} Qc5 {[%emt 0:00:01]} 22. Ne2 {[%emt 0:00:02]} a5 {[%emt 0:00:01]} 23. a4 {[%emt 0:00:02]} Rab8 {[%emt 0:00:01]} 24. Nf4 {[%emt 0:00:01]} e5 {[%emt 0:00:01]} 25. Nd3 {[%emt 0:00:01]} Qe7 {[%emt 0:00:02]} 26. Re1 {[%emt 0:00:02]} e4 {[%emt 0:00:01]} 27. Rf2 {[%emt 0:00:01]} f5 {[%emt 0:00:01]} 28. Nf4 {[%emt 0:00:02]} Be5 {[%emt 0:00:03]} 29. Ne2 {[%emt 0:00:01]} Qh4 {[%emt 0:00:01]} 30. Ng3 {[%emt 0:00:01]} Bxg3 {[%emt 0:00:01]} 31. Qg1 {[%emt 0:00:01]} Bxf2 {[%emt 0:00:01]} 32. g3 {[%emt 0:00:00]} Bxg1 {[%emt 0:00:02]} 33. gxh4 {[%emt 0:00:01]} Bf2 {[%emt 0:00:01]} 34. Re2 {[%emt 0:00:01]} Bxh4 {[%emt 0:00:01]} 35. Kg2 {[%emt 0:00:01]} Bf6 {[%emt 0:00:00]} 36. Kg3 {[%emt 0:00:00]} Kg7 {[%emt 0:00:02]} 37. h4 {[%emt 0:00:00]} Be6 {[%emt 0:00:00]} 38. Kh3 {[%emt 0:00:01]} c5 {[%emt 0:00:00]} 39. Kg2 {[%emt 0:00:00]} c4 {[%emt 0:00:01]} 40. Ba2 {[%emt 0:00:00]} d4 {[%emt 0:00:01]} 41. Kf2 {[%emt 0:00:01]} Bd5 {[%emt 0:00:01]} 42. h5 {[%emt 0:00:01]} Bh4+ {[%emt 0:00:00]} 43. Kf1 {[%emt 0:00:01]} gxh5 {[%emt 0:00:00]} 44. Rg2+ {[%emt 0:00:02]} Kf6 {[%emt 0:00:00]} 45. Bb1 {[%emt 0:00:01]} Ke5 {[%emt 0:00:00]} 46. c3 {[%emt 0:00:01]} d3 {[%emt 0:00:00]} 47. Ba2 {[%emt 0:00:01]} Rb3 {[%emt 0:00:01]} 48. Bxb3 {[%emt 0:00:01]} cxb3 {[%emt 0:00:00]} 49. Rb2 {[%emt 0:00:00]} Bc4 {[%emt 0:00:00]} 50. Kg2 {[%emt 0:00:02]} d2 {[%emt 0:00:00]} 51. Rxd2 {[%emt 0:00:01]} e3 {[%emt 0:00:00]} 52. Rb2 {[%emt 0:00:01]} Bd5+ {[%emt 0:00:01]} 53. Kf1 {[%emt 0:00:01]} Bg3 {[%emt 0:00:01]} 54. Ke2 {[%emt 0:00:00]} f4 {[%emt 0:00:00]} 55. Kd3 {[%emt 0:00:01]} Be4+ {[%emt 0:00:01]} 56. Ke2 {[%emt 0:00:01]} Rc8 {[%emt 0:00:00]} 57. c4 {[%emt 0:00:01]} f3+ {[%emt 0:00:01]} 58. Kxe3 {[%emt 0:00:01]} Bf4+ {[%emt 0:00:00]} 59. Kf2 {[%emt 0:00:02]} Rxc4 {[%emt 0:00:00]} 60. Kg1 {[%emt 0:00:00]} Rc2 {[%emt 0:00:00] Zeit (Lag: Av=0.23s, max=0.5s)} 0-1

[Event "Stay Safe Play From Home 280"]
[Site "Emanuel Lasker Arena"]
[Date "2020.07.06"]
[Round "6"]
[White "Greblha"]
[Black "Bardellosport"]
[Result "0-1"]
[WhiteElo "1926"]
[BlackElo "2009"]
[PlyCount "108"]
[EventDate "2020.07.06"]
[EventType "swiss (blitz)"]

1. e4 {[%emt 0:00:01]} d5 {[%emt 0:00:02]} 2. Nc3 {[%emt 0:00:02]} d4 {[%emt 0:00:01]} 3. Nce2 {[%emt 0:00:01]} e5 {[%emt 0:00:00]} 4. Ng3 {[%emt 0:00:01]} f6 {[%emt 0:00:00]} 5. Nf3 {[%emt 0:00:01]} Nc6 {[%emt 0:00:00]} 6. Bc4 {[%emt 0:00:01]} Bc5 {[%emt 0:00:00]} 7. d3 {[%emt 0:00:01]} Qe7 {[%emt 0:00:00]} 8. O-O {[%emt 0:00:00]} Be6 {[%emt 0:00:01]} 9. Bxe6 {[%emt 0:00:02]} Qxe6 {[%emt 0:00:00]} 10. Nf5 {[%emt 0:00:01]} Qf7 {[%emt 0:00:02]} 11. Bd2 {[%emt 0:00:01]} Nge7 {[%emt 0:00:02]} 12. Nxe7 {[%emt 0:00:01]} Qxe7 {[%emt 0:00:01]} 13. Nh4 {[%emt 0:00:01]} g6 {[%emt 0:00:01]} 14. f4 {[%emt 0:00:01]} O-O {[%emt 0:00:01]} 15. f5 {[%emt 0:00:01]} g5 {[%emt 0:00:01]} 16. Nf3 {[%emt 0:00:01]} Qf7 {[%emt 0:00:01]} 17. h4 {[%emt 0:00:01]} h6 {[%emt 0:00:01]} 18. hxg5 {[%emt 0:00:01]} hxg5 {[%emt 0:00:00]} 19. Kf2 {[%emt 0:00:01]} Qg7 {[%emt 0:00:01]} 20. Rh1 {[%emt 0:00:01]} Kf7 {[%emt 0:00:01]} 21. Qe2 {[%emt 0:00:01]} Rh8 {[%emt 0:00:01]} 22. Nh2 {[%emt 0:00:01]} g4 {[%emt 0:00:01]} 23. Qxg4 {[%emt 0:00:02]} Qxg4 {[%emt 0:00:04]} 24. Nxg4 {[%emt 0:00:01]} Nb4 {[%emt 0:00:00]} 25. Bxb4 {[%emt 0:00:01]} Bxb4 {[%emt 0:00:02]} 26. a3 {[%emt 0:00:00]} Bd2 {[%emt 0:00:01]} 27. Rad1 {[%emt 0:00:03]} Bg5 {[%emt 0:00:04]} 28. Kf3 {[%emt 0:00:01]} Rhg8 {[%emt 0:00:01]} 29. Rh3 {[%emt 0:00:01]} Bf4 {[%emt 0:00:01]} 30. Rdh1 {[%emt 0:00:01]} Rg7 {[%emt 0:00:01]} 31. Rh7 {[%emt 0:00:01]} Rag8 {[%emt 0:00:01]} 32. Rxg7+ {[%emt 0:00:01]} Rxg7 {[%emt 0:00:00]} 33. Rh8 {[%emt 0:00:02]} b6 {[%emt 0:00:02]} 34. Rc8 {[%emt 0:00:01]} Rg5 {[%emt 0:00:03]} 35. Rxc7+ {[%emt 0:00:01]} Ke8 {[%emt 0:00:00]} 36. Rc8+ {[%emt 0:00:01]} Kd7 {[%emt 0:00:01]} 37. Ra8 {[%emt 0:00:01]} Kc6 {[%emt 0:00:02]} 38. Rc8+ {[%emt 0:00:05]} Kb5 {[%emt 0:00:00]} 39. Rf8 {[%emt 0:00:01]} Rh5 {[%emt 0:00:02]} 40. Rxf6 {[%emt 0:00:01]} Rh1 {[%emt 0:00:01]} 41. Re6 {[%emt 0:00:02]} Rc1 {[%emt 0:00:01]} 42. Nxe5 {[%emt 0:00:01]} Rf1+ {[%emt 0:00:02]} 43. Kg4 {[%emt 0:00:02]} Be3 {[%emt 0:00:01]} 44. Nf3 {[%emt 0:00:01]} Rb1 {[%emt 0:00:02]} 45. Re5+ {[%emt 0:00:00]} Ka6 {[%emt 0:00:01]} 46. Re6 {[%emt 0:00:01]} Rxb2 {[%emt 0:00:00]} 47. f6 {[%emt 0:00:00]} Rxc2 {[%emt 0:00:00]} 48. f7 {[%emt 0:00:00]} Rc8 {[%emt 0:00:00]} 49. Re8 {[%emt 0:00:01]} Rc5 {[%emt 0:00:00]} 50. f8=Q {[%emt 0:00:01]} Rc1 {[%emt 0:00:00]} 51. Qf5 {[%emt 0:00:01]} Rg1 {[%emt 0:00:00]} 52. Qc8+ {[%emt 0:00:02]} Kb5 {[%emt 0:00:01]} 53. Re5+ {[%emt 0:00:00]} Ka4 {[%emt 0:00:00]} 54. Qc4+ {[%emt 0:00:01]} Kxa3 {[%emt 0:00:01] Zeit (Lag: Av=0.27s, max=0.7s)} 0-1

[Event "Stay Safe Play From Home 280"]
[Site "Emanuel Lasker Arena"]
[Date "2020.07.06"]
[Round "6"]
[White "Haris kollari 13"]
[Black "NeatFox"]
[Result "0-1"]
[WhiteElo "1803"]
[BlackElo "1938"]
[Annotator "NA"]
[PlyCount "84"]
[EventDate "2020.07.06"]
[EventType "swiss (blitz)"]

1. e4 {[%emt 0:00:01]} e5 {[%emt 0:00:01]} 2. f4 {[%emt 0:00:01]} exf4 {[%emt 0:00:01]} 3. Nf3 {[%emt 0:00:01]} Nc6 {[%emt 0:00:01]} 4. Bb5 {[%emt 0:00:01]} Nf6 {[%emt 0:00:01]} 5. e5 {[%emt 0:00:03]} Nd5 {[%emt 0:00:02]} 6. c4 {[%emt 0:00:01]} Nb6 {[%emt 0:00:01]} 7. d4 {[%emt 0:00:01]} a6 {[%emt 0:00:02]} 8. Bxc6 {[%emt 0:00:02]} dxc6 {[%emt 0:00:01]} 9. Qd3 {[%emt 0:00:04]} Bb4+ {[%emt 0:00:01]} 10. Nc3 {[%emt 0:00:01]} O-O {[%emt 0:00:01]} 11. Bxf4 {[%emt 0:00:01]} Bxc3+ {[%emt 0:00:01]} 12. bxc3 {[%emt 0:00:01]} c5 {[%emt 0:00:00]} 13. d5 {[%emt 0:00:02]} Bg4 {[%emt 0:00:03]} 14. Rd1 {[%emt 0:00:02]} Bxf3 {[%emt 0:00:01]} 15. gxf3 {[%emt 0:00:01]} Re8 {[%emt 0:00:01]} 16. O-O {[%emt 0:00:02]} Qh4 {[%emt 0:00:02]} 17. Qe4 {[%emt 0:00:04]} g5 {[%emt 0:00:04]} 18. Bg3 {[%emt 0:00:06]} Qxe4 {[%emt 0:00:00]} 19. fxe4 {[%emt 0:00:01]} Nxc4 {[%emt 0:00:00]} 20. e6 {[%emt 0:00:04]} Ne3 {[%emt 0:00:01]} 21. exf7+ {[%emt 0:00:03]} Kg7 {[%emt 0:00:01]} 22. fxe8=Q {[%emt 0:00:00]} Rxe8 {[%emt 0:00:01]} 23. Rde1 {[%emt 0:00:01]} Nxf1 {[%emt 0:00:01]} 24. Kxf1 {[%emt 0:00:01]} Rf8+ {[%emt 0:00:01]} 25. Ke2 {[%emt 0:00:02]} Kg6 {[%emt 0:00:01]} 26. Kd3 {[%emt 0:00:01]} Re8 {[%emt 0:00:01]} 27. e5 {[%emt 0:00:01]} h5 {[%emt 0:00:01]} 28. Ke4 {[%emt 0:00:01]} h4 {[%emt 0:00:01]} 29. Bf2 {[%emt 0:00:00]} Kh5 {[%emt 0:00:00]} 30. Bxc5 {[%emt 0:00:01]} b6 {[%emt 0:00:01]} 31. Bxb6 {[%emt 0:00:01]} cxb6 {[%emt 0:00:01]} 32. d6 {[%emt 0:00:00]} Rc8 {[%emt 0:00:01]} 33. d7 {[%emt 0:00:01]} Rd8 {[%emt 0:00:01]} 34. e6 {[%emt 0:00:01]} Kg6 {[%emt 0:00:00]} 35. Ke5 {[%emt 0:00:02]} Kg7 {[%emt 0:00:01]} 36. Kd6 {[%emt 0:00:01]} Kf6 {[%emt 0:00:01]} 37. Rf1+ {[%emt 0:00:00]} Kg6 {[%emt 0:00:02]} 38. e7 {[%emt 0:00:00]} Rxd7+ {[%emt 0:00:01]} 39. Kxd7 {[%emt 0:00:02]} Kh5 {[%emt 0:00:00]} 40. e8=Q+ {[%emt 0:00:00]} Kg4 {[%emt 0:00:00]} 41. Qe6+ {[%emt 0:00:01]} Kh5 {[%emt 0:00:01]} 42. Rf8 {[%emt 0:00:01] .} g4 {[%emt 0:00:01] Time (Lag: Av=0.49s, max=1.0s)} 0-1

[Event "Stay Safe Play From Home 280"]
[Site "Emanuel Lasker Arena"]
[Date "2020.07.06"]
[Round "6"]
[White "GIULIO19031975"]
[Black "Klasman"]
[Result "1-0"]
[WhiteElo "1800"]
[BlackElo "1389"]
[Annotator "NA"]
[PlyCount "37"]
[EventDate "2020.07.06"]
[EventType "swiss (blitz)"]

1. e4 {[%emt 0:00:01]} f5 {[%emt 0:00:01]} 2. exf5 {[%emt 0:00:01]} Nf6 {[%emt 0:00:01]} 3. Nc3 {[%emt 0:00:01]} d5 {[%emt 0:00:01]} 4. d3 {[%emt 0:00:00]} d4 {[%emt 0:00:01]} 5. Ne4 {[%emt 0:00:02]} Bxf5 {[%emt 0:00:03]} 6. Nxf6+ {[%emt 0:00:01]} exf6 {[%emt 0:00:01]} 7. Qf3 {[%emt 0:00:01]} Bd7 {[%emt 0:00:09]} 8. Ne2 {[%emt 0:00:05]} Bc6 {[%emt 0:00:02]} 9. Qg3 {[%emt 0:00:01]} g5 {[%emt 0:00:06]} 10. Qg4 {[%emt 0:00:03]} Bd7 {[%emt 0:00:04]} 11. Qh5+ {[%emt 0:00:01]} Ke7 {[%emt 0:00:02]} 12. Nxd4 {[%emt 0:00:01]} Bc6 {[%emt 0:00:08]} 13. Nxc6+ {[%emt 0:00:02]} Nxc6 {[%emt 0:00:02]} 14. Be2 {[%emt 0:00:00]} Ne5 {[%emt 0:00:04]} 15. O-O {[%emt 0:00:01]} h6 {[%emt 0:00:02]} 16. Re1 {[%emt 0:00:01]} Rh7 {[%emt 0:00:01]} 17. d4 {[%emt 0:00:01]} Nf7 {[%emt 0:00:07]} 18. Bd3+ {[%emt 0:00:01]} Kd6 {[%emt 0:00:02]} 19. Bxh7 {[%emt 0:00:01] Time (Lag: Av=1.61s, max=2.0s)} 1-0

[Event "Stay Safe Play From Home 280"]
[Site "Emanuel Lasker Arena"]
[Date "2020.07.06"]
[Round "6"]
[White "Robk"]
[Black "Justwatch"]
[Result "1-0"]
[WhiteElo "1555"]
[BlackElo "1705"]
[Annotator "NA RC"]
[PlyCount "44"]
[EventDate "2020.07.06"]
[EventType "swiss (blitz)"]

1. e4 {[%emt 0:00:02]} Nf6 {[%emt 0:00:01]} 2. Nc3 {[%emt 0:00:03]} e5 {[%emt 0:00:01]} 3. Nf3 {[%emt 0:00:02]} d6 {[%emt 0:00:00]} 4. d4 {[%emt 0:00:01]} Nc6 {[%emt 0:00:00]} 5. dxe5 {[%emt 0:00:02]} Nxe5 {[%emt 0:00:00]} 6. Nxe5 {[%emt 0:00:01]} dxe5 {[%emt 0:00:00]} 7. Qxd8+ {[%emt 0:00:01]} Kxd8 {[%emt 0:00:00]} 8. Bg5 {[%emt 0:00:02]} Bd6 {[%emt 0:00:00]} 9. O-O-O {[%emt 0:00:02]} Be6 {[%emt 0:00:01]} 10. Nd5 {[%emt 0:00:01]} Bxd5 {[%emt 0:00:01]} 11. Rxd5 {[%emt 0:00:02]} Ke7 {[%emt 0:00:01]} 12. Bxf6+ {[%emt 0:00:02]} gxf6 {[%emt 0:00:01]} 13. Be2 {[%emt 0:00:03]} c6 {[%emt 0:00:01]} 14. Rd3 {[%emt 0:00:03]} Bc5 {[%emt 0:00:01]} 15. f3 {[%emt 0:00:02]} Be3+ {[%emt 0:00:01]} 16. Kb1 {[%emt 0:00:03]} Bd4 {[%emt 0:00:01]} 17. c3 {[%emt 0:00:02]} Be3 {[%emt 0:00:01]} 18. Rhd1 {[%emt 0:00:02]} Rhd8 {[%emt 0:00:02]} 19. Rxd8 {[%emt 0:00:01]} Ke6 {[%emt 0:00:01]} 20. Rxa8 {[%emt 0:00:03]} Bh6 {[%emt 0:00:02]} 21. Rad8 {[%emt 0:00:01]} f5 {[%emt 0:00:01]} 22. R1d6+ {[%emt 0:00:04]} Ke7 {[%emt 0:00:02] Justwatch terk eder (Lag: Av=0.66s, max=1.0s)} 1-0

[Event "Stay Safe Play From Home 280"]
[Site "Emanuel Lasker Arena"]
[Date "2020.07.06"]
[Round "7"]
[White "AChessPlayer"]
[Black "SoulofWolf"]
[Result "1-0"]
[WhiteElo "2421"]
[BlackElo "2140"]
[PlyCount "47"]
[EventDate "2020.07.06"]
[EventType "swiss (blitz)"]

1. e3 {[%emt 0:00:01]} c6 {[%emt 0:00:00]} 2. Nf3 {[%emt 0:00:00]} d5 {[%emt 0:00:00]} 3. d4 {[%emt 0:00:00]} Nf6 {[%emt 0:00:00]} 4. c4 {[%emt 0:00:00]} g6 {[%emt 0:00:00]} 5. Nc3 {[%emt 0:00:00]} Bg7 {[%emt 0:00:00]} 6. Bd2 {[%emt 0:00:01]} O-O {[%emt 0:00:00]} 7. Rc1 {[%emt 0:00:00]} Re8 {[%emt 0:00:00]} 8. Be2 {[%emt 0:00:01]} Bd7 {[%emt 0:00:00]} 9. O-O {[%emt 0:00:00]} Na6 {[%emt 0:00:01]} 10. Qb3 {[%emt 0:00:01]} b6 {[%emt 0:00:02]} 11. cxd5 {[%emt 0:00:01]} cxd5 {[%emt 0:00:00]} 12. Bxa6 {[%emt 0:00:01]} e6 {[%emt 0:00:03]} 13. Ne5 {[%emt 0:00:01]} Bc8 {[%emt 0:00:01]} 14. Bb5 {[%emt 0:00:01]} Re7 {[%emt 0:00:01]} 15. Nc6 {[%emt 0:00:01]} Qd6 {[%emt 0:00:00]} 16. Nxe7+ {[%emt 0:00:00]} Qxe7 {[%emt 0:00:00]} 17. Na4 {[%emt 0:00:00]} g5 {[%emt 0:00:03]} 18. Bb4 {[%emt 0:00:00]} Qb7 {[%emt 0:00:02]} 19. Bc6 {[%emt 0:00:01]} Qb8 {[%emt 0:00:00]} 20. Bxa8 {[%emt 0:00:00]} Qxa8 {[%emt 0:00:00]} 21. Qc3 {[%emt 0:00:01]} Ba6 {[%emt 0:00:02]} 22. f3 {[%emt 0:00:03]} Bxf1 {[%emt 0:00:01]} 23. Qc8+ {[%emt 0:00:01]} Qxc8 {[%emt 0:00:03]} 24. Rxc8+ {[%emt 0:00:00] SoulofWolf poddaje siê (Lag: Av=0.36s, max=0.9s)} 1-0